000 00559nam a2200181Ia 4500
008 090124s9999 xx 000 0 und d
082 _b32120
100 _aबनहट्टी राजेंद्र
245 _a मध्यंतर
250 _a1
260 _bसन पब्लिकेशन्स
_c1994
300 _a128
600 _aबनहट्टी राजेंद्र
630 _a मध्यंतर
700 _aबनहट्टी राजेंद्र
730 _a मध्यंतर
942 _cBOOK
999 _c97988
_d97988